| 000 | 00345nam a22001457a 4500 | ||
|---|---|---|---|
| 005 | 20260224133221.0 | ||
| 008 | 260224b |||||||| |||| 00| 0 eng d | ||
| 020 | _a978-93-5603978-0 | ||
| 100 | _aBare Act | ||
| 245 | _aThe Payment of Gratuity Act 1972 | ||
| 260 |
_aNew Delhi _bCLP _c2025 |
||
| 300 | _a114 | ||
| 650 | _aLaw | ||
| 942 |
_2ddc _cBK |
||
| 999 |
_c22088 _d22088 |
||